How Many Goals Has Ibrahimović Scored At His Teams - Statistics

General Stats
  • This quiz has been taken 11 times
  • The average score is 7 of 9
Answer Stats
Hint Answer % Correct
Malmö FF 3
100%
FC Barcelona 22
73%
Juventus 26
73%
Man United 29
73%
Ajax 48
73%
LA Galaxy 53
73%
Inter Milan 66
73%
AC Milan 93
73%
PSG 156
55%
No matching quizzes found
Score Distribution
Percent of People with Each Score
Percentile by Number Answered
Your Score History
You have not taken this quiz